000 00427nam a22001337a 4500
020 _a9789697947027
082 _a338.95491 JAV
100 _aAmbassador (R) Syed Hasan Javed
245 _aChina's model of development: lessons for Pakistan
_cAmbassador (R) Syed Hasan Javed
260 _aKarachi
_bNew Fakhri Printing Press
_c2020
300 _a322p
942 _2ddc
_cBK
999 _c541263
_d541263